000 00571cam a2200145 4500500
005 20260201145649.0
041 _afre
042 _adc
100 1 0 _aTabapssi, Timothée F.
_eauthor
245 0 0 _aLa riposte des exclus : les migrants africains sans-papiers face aux tentatives d'endiguement des flux migratoires extra-communautaires
260 _c2009.
500 _a9
786 0 _nPrésence Africaine | 179-180 | 1 | 2009-02-01 | p. 155-195 | 0032-7638
856 4 1 _uhttps://shs.cairn.info/revue-presence-africaine-2009-1-page-155?lang=fr&redirect-ssocas=7080
999 _c1642969
_d1642969